000 00285nam a22001337a 4500
008 181031b xxu||||| |||| 00| 0 eng d
020 _a0136659683
041 _aeng
080 _a541
100 _a12
101 _aKIM
245 _aPhysical Chemistry
_cMoore.W.J
942 _2udc
_cBK
999 _c51272
_d51272